| 000 | 00000nam##2200000za#4500 |
| 001 | 9.604108 |
| 003 | CaOODSP |
| 005 | 20210624211415 |
| 007 | cr ||||||||||| |
| 008 | 150406|2002||||xxc|||||o f|0| 0 fre|d |
| 022 | |a1701-5421 |
| 040 | |aCaOODSP|bfre |
| 043 | |an-cn--- |
| 086 | 1 |aFA1-2002/2-0F-PDF |
| 110 | 1 |aCanada. |bBureau du vérificateur général. |
| 245 | 10|aRapport de la vérificatrice générale du Canada à la Chambre des communes : |h[ressource électronique]|bquestions d'une importance particulière - 2002 |
| 260 | |aOttawa - Ontario : |bBureau du vérificateur général du Canada |
| 300 | |a23p. |
| 490 | 1 |aRapport de la vérificatrice générale du Canada à la Chambre des communes|x1701-5421|vDécembre 2002 |
| 500 | |aLe n° de catalogue (FA1-2002/2-0F) et l'ISBN (0-662-88016-1) de l'édition imprimée ont été incorrectement copiés dans l'édition électronique. |
| 590 | |a12-26-Supp|b2012-06-07 |
| 775 | 08|tReport of the Auditor General of Canada to the House of Commons : |w(CaOODSP)9.574296 |
| 830 | #0|aRapport de la vérificatrice générale du Canada à la Chambre des communes,|x1701-5421|vDécembre 2002|w(CaOODSP)9.502618 |
| 856 | 40|ahttp://publications.gc.ca|qPDF|s423 Ko|uhttps://publications.gc.ca/collections/collection_2012/bvg-oag/FA1-2002-2-0-fra.pdf|yDécembre 2002 |